000 01359cam a2200133 4500500
005 20260329040446.0
041 _afre
042 _adc
100 1 0 _aNouschi, Marc
_eauthor
245 0 0 _aPetit Atlas historique du XIXe siècle
260 _bArmand Colin,
_c2016.
520 _aCet atlas historique présente en 44 fiches et 5 grandes synthèses une réflexion originale sur le « long » XIXe siècle, un siècle charnière entre l’« Ancien Régime » qui s’effiloche et une modernité qui conditionne le devenir de l’histoire universelle. Colonisation et décolonisation, nationalisme accompli et nationalités frustrées, théories matérialistes et prétention universelle, voies nouvelles d’industrialisation sont quelques-uns des acquis de ce siècle dominé par l’Europe et les « nouvelles » Europes. Le lecteur construit son propre itinéraire à travers ces fiches pour comprendre les enjeux politiques, territoriaux, culturels et scientifiques d’une période essentielle. Un index des noms propres et des lieux facilite la compréhension de la période. - Un ouvrage en deux couleurs - 47 cartes et schémas originaux - des chronologies, des focus, des lexiques, des graphiques et tableaux
856 4 1 _uhttps://shs.cairn.info/petit-atlas-historique-du-xixe-siecle--9782200614638?lang=fr&redirect-ssocas=7080
999 _c1972366
_d1972366